| 000 | 00328nam a2200133 i 4500 | ||
|---|---|---|---|
| 001 | bg | ||
| 245 | _aRozwój motoryzacji w województwie słupskim | ||
| 260 |
_aSłupsk _bUrząd Wojewódzki _c1998 |
||
| 040 | _cBPK | ||
| 044 | _apol | ||
| 942 | _cKS | ||
| 008 | 130116s pl a f |000 0 pol | ||
| 999 |
_c53793 _d53793 |
||
| 856 |
_uhttp://koha.tu.koszalin.pl/cgi-bin/koha/opac-detail.pl?biblionumber=53793 _yKatalog online BPK |
||